000 00650nam a22002417a 4500
003 UA-OsUOA
001 80108
007 ta
008 20111129b un ||||| |||| 00| 0 ukr d
100 _aФольварочний В.І.
090 _a821.161.2
_bФ75
942 _cBK
040 _aUA-OsUOA
_bukr
_cUA-OsUOA
_dUA-OsUOA
245 _aРодовід
_bвибрані поезії
300 _a232 с.
955 _a3
041 _aukr
080 _a821.161.2
020 _a5-7757-0423-0
260 _aУжгород
_bКарпати
_c1992
650 7 _a82 Література. Літературознавство
_2UDC
999 _c366427
_d366427